The chemistry and biochemistry of plant proteins : proceedings of the phytochemical society symposium unisersity of ghent, Belgium september, 1973 (Record no. 11040)

MARC details
000 -LEADER
fixed length control field 00716 a2200229 4500
035 ## - SYSTEM CONTROL NUMBER
System control number 5092
100 ## - VEDETTE PRINCIPALE - NOM DE PERSONNE
Personal name HARBORNE, J.B.
130 ## - VEDETTE PRINCIPALE - TITRE UNIFORME
Language of a work An.
260 ## - PUBLICATION, DISTRIBUTION, ETC. (IMPRINT)
Place of publication, distribution, etc New-York
260 ## - PUBLICATION, DISTRIBUTION, ETC. (IMPRINT)
Name of publisher, distributor, etc Academic press
245 ## - TITLE STATEMENT
Title The chemistry and biochemistry of plant proteins : proceedings of the phytochemical society symposium unisersity of ghent, Belgium september, 1973
260 ## - PUBLICATION, DISTRIBUTION, ETC. (IMPRINT)
Date of publication, distribution, etc 1975
300 ## - PHYSICAL DESCRIPTION
Extent XIII, 326 p.
300 ## - PHYSICAL DESCRIPTION
Other physical details ill., graph. ; 23 cm
440 ## - SERIES STATEMENT/ADDED ENTRY--TITLE
Title (Annual proceedings of the phytochimical society ; 11)
500 ## - GENERAL NOTE
General note Bibliographie à la fin des chapitres. - Comprend index
650 ## - SUBJECT ADDED ENTRY--TOPICAL TERM
Topical term or geographic name as entry element <Protéines végétales>
700 ## - ADDED ENTRY--PERSONAL NAME
Personal name VAN SUMERE
Holdings
Withdrawn status Lost status Damaged status Not for loan Location (home branch) Sublocation or collection (holding branch) Date acquired Koha issues (times borrowed) Koha full call number Koha date last seen Price effective from Koha item type
        Bibliothèque Ecole Polytechnique d'Abomey-Calavi Bibliothèque Ecole Polytechnique d'Abomey-Calavi 27/02/2009   581.192/H255c 27/02/2009 27/02/2009 Livre


© 2008, Bibliothèques de l'Université d'Abomey-Calavi

04 BP 789 Cotonou, Tél. : +229 21 36 01 01, Fax : +229 21 35 06 32

Courriel : bu@bu.uac.bj